| 000 | 00674 a2200193 4500 | ||
|---|---|---|---|
| 020 | _a3540586598 | ||
| 020 | _a9783540586593 | ||
| 082 | _a516.36 | ||
| 090 |
_c1574 _d1574 |
||
| 100 | 1 | _aKobayashi, Shoshichi. | |
| 245 | 1 | 0 |
_aTransformation groups in differential geometry / _cShoshichi Kobayashi. |
| 250 | _aReprint of the 1st ed. Berlin Heidelberg New York 1972. | ||
| 260 |
_a[S.l.] : _bSpringer, _c1995. |
||
| 300 |
_a190 p. ; _c24 cm. |
||
| 490 | 1 | _aClassics in mathematics. | |
| 830 | 0 | _aClassics in mathematics. | |
| 942 |
_aSNS _cBK _k516.36 |
||
| 999 |
_c30184 _d30184 |
||